La definición : (Record no. 105189)

MARC details
000 -CABECERA
campo de control de longitud fija 00737nam a2200229 a 4500
005 - FECHA Y HORA DE LA ÚLTIMA TRANSACCIÓN
campo de control 20240316063736.0
008 - ELEMENTOS DE LONGITUD FIJA--INFORMACIÓN GENERAL
campo de control de longitud fija 040422s2002 mx r 000 0 spa d
020 ## - NÚMERO INTERNACIONAL NORMALIZADO PARA LIBROS
Número Internacional Estándar del Libro 9870002919
035 ## - NÚMERO DE CONTROL DEL SISTEMA
Número de control de sistema UPN01000133036
049 ## - COLECCIÓN
Colección CG
050 #4 - SIGNATURA TOPOGRÁFICA DE LA BIBLIOTECA DEL CONGRESO
Número de clasificación BC199 D4
Número de documento/Ítem P3.2
100 1# - ASIENTO PRINCIPAL--NOMBRE PERSONAL
Nombre de persona Palacios, Alfredo Raúl
9 (RLIN) 31600
245 13 - MENCIÓN DE TÍTULO
Título La definición :
Resto del título así en la matemática como en la filosofía /
Mención de responsabilidad, etc. Alfredo Raúl Palacios y Alberto Gustavo Palacios.
260 ## - PUBLICACIÓN, DISTRIBUCIÓN, ETC.
Lugar de publicación, distribución, etc. Buenos Aires ;
-- México :
Nombre del editor, distribuidor, etc. Lumen,
Fecha de publicación, distribución, etc. 2002.
300 ## - DESCRIPCIÓN FÍSICA
Extensión 83 p.
440 #0 - MENCIÓN DE SERIE/ASIENTO SECUNDARIO--TÍTULO
Título Relaciones
650 #4 - ASIENTO SECUNDARIO DE MATERIA - TERMINO TEMATICO
Término de materia o nombre geográfico como elemento de entrada DEFINICION (LOGICA)
9 (RLIN) 12956
650 #4 - ASIENTO SECUNDARIO DE MATERIA - TERMINO TEMATICO
Término de materia o nombre geográfico como elemento de entrada Lógica simbólica y matemática
9 (RLIN) 3581
650 #4 - ASIENTO SECUNDARIO DE MATERIA - TERMINO TEMATICO
Término de materia o nombre geográfico como elemento de entrada Filosofía
9 (RLIN) 5327
700 1# - ASIENTO SECUNDARIO--NOMBRE DE PERSONAL
Nombre de persona Palacios, Alberto Gustavo,
Término indicativo de función/relación coaut.
905 ## - TIPO DE MATERIAL
Tipo de material Libro
Holdings
Estado de retiro Estado de pérdida Fuente del sistema de clasificación o colocación Estado dañado No para préstamo Código de colección Localización permanente Ubicación/localización actual Ubicación en estantería Total de préstamos Clasificación Código de barras Fecha visto por última vez Número de copia Tipo de ítem Koha
    Library of Congress Classification     Colección General Bib. Gregorio Torres Quintero Bib. Gregorio Torres Quintero Planta baja 4 BC199 D4 P3.2 223520 31/12/2020 1 Libro